1405 1703 1643 1684 1443 1474 1008 1626 1494 1754 1886 1083 1808 1172 1202 1884 1694 1357 1679 1725 1384 1587 1346 1018 1232 1702 1351 1138 1169 1419 1992 1980 1890 1020 1376 1690 1945 1153 1490 1129 1944 1841 1616 1453 1289 1156 1175 1966 1471 1632 1732 1609 1599 1966 1934 1813 1926 1172 1632 1326 1498 1202 1618 1738 1153 1938 1692 1560 1308 1380 1621 1119 1847 1089 1919 1400 1899 1089 1769 1606 1196 1807 1089 1179 1894 1639 1753 1062 1051 1077 1567 1386 1078 1982 1303 1770 1132 1387 1944 BCNSPRNW ULIB Ver.6.0+V

เปลี่ยนเป็นภาษาไทย

Change to English
 แสดงรายละเอียดบรรณานุกรม
  กลับหน้าหลัก

Brief Record : Get Marc (ISO 2709) : E-mail record : QR code < ปิดหน้าต่าง
LEADER : 00000nam 2200000uu 4500
001    13399112866
003     ULIB
008    110914s2552||||th 000 0 tha d
020    9786115000173
090    นว.^bณ429ร 2552
100 0  ณารา
245 00 รักร้าย/^cณารา
250    พิมพ์ครั้งที่ 4
260    กรุงเทพฯ :^bพิมพ์คำ,^c2552
300    532 หน้า
945    ^p320^l0^i16308
995    กัณชพร
999    ^aใช้งานได้ทุกระบบ
รายการนี้ยังไม่มีแท็ก
คุณยังไม่ได้ล็อกอิน คุณสามารถมีกิจกรรมร่วมกับเว็บไซต์ได้ แต่ต้องล็อกอินก่อน ::
  ล็อกอิน

รายการสื่อสารสนเทศ

ลำดับที่ ประเภท เลขเรียก/บาร์โค้ด สถานที่ สถานะ
1. นวนิยาย
นวนิยาย
นว. ณ429ร 2552  
  Barcode: 16308
ห้องสมุดวิทยาเขตสวรรค์ประชารักษ์
►นวนิยาย
บนชั้น
  ขอยืม

รายการใกล้เคียง
    ผู้แต่ง [ณารา]

BibComment


ยังไม่เคยถูกคอมเมนท์

คอมเมนท์ทรัพยากรรายการนี้
  คอมเมนท์: รักร้าย ณารา


 Copyright 2026. Bcnsprnw @Library